000 00240nam a2200121Ia 4500
082 _a615.34
_bP11R
100 _aRAJE, V.N.
245 _aPHARMACOGNOSY
260 _bCBS- DELHI
300 _a160
650 _aPHARMACOGLOSY
942 _2ddc
_cBK
999 _c7217
_d7217